00811nam a2200169 450000500170000000800410001702200130005804000440007104100080011508200120012311000470013524500200018226000740020230000630027650002200033950500820055920160926150047.0160926k19972006ck a|||| |||| 00| 0 spa d a01230336 aCO-BoUCMbspacSandra YazodSandra Yazo0 aspa0 220a0212 aArchivo General de la Nación (Colombia) 10aRevista Memoria aBogotá (Colombia)bArchivo General de la Nación de Colombiac1997 a4 volumenes (199 ; 199 ; 225 ; 259 páginas)c24 x 17 cm. aDetalles físicos: Encuadernación flexible en cartulina. Tapas decoradas. Algunas notas al pie de páginas y al final de cada artículo. Ilustraciones entre el texto. Ejemplares en buen estado de conservación0 aHistoria ; Archivística ; Documentos ; Reseñas ; Noticias institucionales